000 00902cam a2200277 i 4500
001 36998
003 KOSZ 005
005 20201014142950.0
008 030113s1974 pl a f f |000 0 pol
015 _aPB 1975/1237
040 _aWA N
_cBPK
041 0 _apol
080 _a621.9
080 _a(07)
100 1 _aWrotny, Lucjan Tadeusz
_d(1920-2006)
_eAutor
245 1 0 _aObrabiarki skrawające do metali /
_cLucjan Tadeusz Wrotny.
260 _aWarszawa :
_bWydawnictwa Naukowo-Techniczne,
_c1974.
300 _a568, [3] s. :
_bil., tab., wykr. ;
_c25 cm.
504 _aBibliogr.
650 4 _aObrabiarka skrawająca
655 4 _aPodręcznik
658 _aInżynieria i technika
710 2 _aWydawnictwa Naukowo-Techniczne
_4pbl.
856 _uhttp://koha.tu.koszalin.pl/cgi-bin/koha/opac-detail.pl?biblionumber=36998
_yKatalog online BPK
942 _2UKD
_cKS
999 _c36998
_d36998